000 00334nam a2200121Ia 4500
008 150202s9999 xx 000 0 und d
050 _aFIC
_bFIC
100 _aCaldwell, Taylor.
245 4 _aThe wide house /
_cTaylor Caldwell.
260 _aNew York :
_bPyramid Books,
_c1945.
300 _a559 pages :
_c18 cm.
650 _aFiction.
999 _c281905
_d281905